000 00564nam a22001457a 4500
003 macl
005 20181229154515.0
008 181229b xxu||||| |||| 00| 0 eng d
040 _cmacl
100 _aआर्य, अर्जुन देव विषम
_973568
245 _aप्रश्‍नोपनिषद् ( संस्‍कृत हिन्‍दी अंग्रेजी तीनों भाषाअाें में )
260 _aजयपुर
_bपंचशील
_c2013
650 _aघर्म
_973569
942 _2ddc
_cHIN
999 _c58834
_d58834